| 000 | 00466nam a2200193Ia 4500 | ||
|---|---|---|---|
| 003 | GCL | ||
| 008 | 140319s9999 xx 000 0 eng d | ||
| 040 |
_aGCL / _cGCL |
||
| 082 | 0 | 4 |
_a944.08 _bR N |
| 100 | 1 | _aREMOND, RENE | |
| 245 | 1 | 0 |
_aNOTRE SIECLE 1918 A 1991 / _cREMOND, RENE |
| 260 |
_a[S.N] : _bFAYARD ، _c1991 |
||
| 300 | _a1044 | ||
| 650 | 0 | 4 | _aFRANCE - HISTORY |
| 650 | 0 | 4 | _aHISTORY |
| 650 | 0 | 4 | _aFRANCE |
| 650 | 0 | 4 | _aFRENCH HISTORY |
| 942 |
_2ddc _cBK |
||
| 999 |
_c25398 _d25398 |
||